| 000 | 00000nam##2200000za#4500 |
| 001 | 9.636845 |
| 003 | CaOODSP |
| 005 | 20231123085135 |
| 007 | cr ||||||||||| |
| 008 | 150407|2009||||xxc|||||o f|0| 0 fre|d |
| 040 | |aCaOODSP|bfre |
| 043 | |an-cn--- |
| 086 | 1 |aFR5-41/1-2009F-PDF |
| 110 | 1 |aCanada. |bAffaires étrangères et commerce international Canada. |
| 245 | 13|aLe Canada dans les Amériques - priorités et progrès |h[ressource électronique] |
| 260 | |aOttawa - Ontario : |bAffaires étrangères et Commerce international |cc2009. |
| 300 | |a22p.|bfigures, graphiques, photographies |
| 500 | |aLe n° de catalogue (FR5-41/1-2009) et l’ISBN (978-0-662-06708-5) de l'édition imprimée bilingue ont été incorrectement copiés dans l’édition PDF. |
| 520 | 3 |aA pour objet de donner un aperçu des priorités et des progrès accomplis à ce jour dans la réalisation de la vision du Canada pour les Amériques. |
| 590 | |a09-37|b2009-09-11 |
| 775 | 08|tCanada and the Americas - priorities and progress |w(CaOODSP)9.692578 |
| 776 | 0#|tCanada and the Americas - priorities and progress |w(CaOODSP)9.671197 |
| 776 | 0#|tLe Canada dans les Amériques - priorités et progrès |w(CaOODSP)9.671198 |
| 856 | 40|ahttp://publications.gc.ca|qPDF|s3719 Ko|uhttps://publications.gc.ca/collections/collection_2009/maeci-dfait/FR5-41-1-2009F.pdf |